| 000 | 00399cas a2200145 4500 | ||
|---|---|---|---|
| 022 | 0 | _a0191-2917 | |
| 040 | _cNSD | ||
| 082 | _a632 PLA 1983 C101 Or. | ||
| 245 | 0 | 0 | _aPlant disease. |
| 260 |
_a[St. Paul, Minn.] : _b[American Phytopathological Society] |
||
| 300 |
_avolumes : _billustrations ; _c28 cm |
||
| 650 | 0 | _aPlant diseases | |
| 710 | 2 | _aAmerican Phytopathological Society. | |
| 942 | _cAEDBB | ||
| 999 |
_c22221 _d22221 |
||